000 00811nam a22002417a 4500
999 _c106354
_d106354
005 20200211121412.0
010 _aB-209023
020 _c150.00
_a8182231647
035 _aB-209023
037 _bCen Lib/Ret
082 _aک
100 _aمسرور جهاں
245 _aکل کى سىتا، آج کى سىتا :
_cمسرور جهاں
_bافسانوى مجموعه /
246 _aKal ki seeta aj ki seeta : short stories /
_bby Masroor Jahan
260 _aDelhi
_bEducational Publishing House
_c2006 ء
270 _a3108, Vakil Street, Kucha Pandit, Lal Kuan
_bDelhi
_e110006
300 _a212p.
_c22cm(Hb)
650 _a ادب - اردو
650 _a اردو مختصر کہانیاں
650 _aLiterature -- Urdu
650 _aUrdu short stories
942 _2ddc
_cUR
_hک
_mم س ر